African workers and colonial racism (Record no. 13684)
[ view plain ]
| 000 -LEADER | |
|---|---|
| fixed length control field | 00649nam a2200229Ia 4500 |
| 003 - CONTROL NUMBER IDENTIFIER | |
| control field | 0100 |
| 005 - DATE AND TIME OF LATEST TRANSACTION | |
| control field | 20190712111843.0 |
| 008 - FIXED-LENGTH DATA ELEMENTS--GENERAL INFORMATION | |
| fixed length control field | 130303s9999 xx 000 0 und d |
| 020 ## - INTERNATIONAL STANDARD BOOK NUMBER | |
| International Standard Book Number | 435089544 |
| 040 ## - CATALOGING SOURCE | |
| Transcribing agency | ARRUPELIB |
| 050 ## - LIBRARY OF CONGRESS CALL NUMBER | |
| Classification number | HD8798.Z8M325 1994 |
| 100 ## - MAIN ENTRY--PERSONAL NAME | |
| Personal name | Penvenne, Jeanne Marie |
| 9 (RLIN) | 46954 |
| 245 ## - TITLE STATEMENT | |
| Title | African workers and colonial racism |
| 245 ## - TITLE STATEMENT | |
| Remainder of title | Mozambican strategies and struggles in Lourenco Marques, 1877-1962 |
| 260 ## - PUBLICATION, DISTRIBUTION, ETC. (IMPRINT) | |
| Place of publication, distribution, etc | Portsmouth |
| Date of publication, distribution, etc | 1994 |
| 260 ## - PUBLICATION, DISTRIBUTION, ETC. (IMPRINT) | |
| Name of publisher, distributor, etc | Heinemann |
| 300 ## - PHYSICAL DESCRIPTION | |
| Extent | 229 p. |
| 440 ## - SERIES STATEMENT/ADDED ENTRY--TITLE | |
| Title | Social history of Africa |
| 9 (RLIN) | 46955 |
| 650 ## - SUBJECT ADDED ENTRY--TOPICAL TERM | |
| Topical term following geographic name as entry element | Labor laws and legislation |
| Geographic subdivision | Mozambique |
| -- | Maputo |
| 9 (RLIN) | 46956 |
| 650 ## - SUBJECT ADDED ENTRY--TOPICAL TERM | |
| Topical term following geographic name as entry element | History Portuguese |
| Geographic subdivision | Mozambique |
| -- | Maputo |
| 9 (RLIN) | 46957 |
| 650 ## - SUBJECT ADDED ENTRY--TOPICAL TERM | |
| Topical term or geographic name as entry element | History |
| General subdivision | Colonial influence |
| Geographic subdivision | Maputo (Mozambique) |
| 9 (RLIN) | 46958 |
| 650 ## - SUBJECT ADDED ENTRY--TOPICAL TERM | |
| Topical term following geographic name as entry element | Maputo (Mozambique) |
| General subdivision | Race relations |
| 9 (RLIN) | 46959 |
| 700 ## - ADDED ENTRY--PERSONAL NAME | |
| Personal name | Jeanne Marie Penvenne |
| 9 (RLIN) | 46960 |
| 942 00 - ADDED ENTRY ELEMENTS (KOHA) | |
| Koha issues (borrowed), all copies | 1 |
| Source of classification or shelving scheme | Library of Congress Classification |
| Koha item type | Monograph ( Printed materials) |
| Withdrawn status | Lost status | Source of classification or shelving scheme | Damaged status | Not for loan | Collection code | Home library | Current library | Shelving location | Date acquired | Total Checkouts | Full call number | Barcode | Date last seen | Date checked out | Copy number | Price effective from | Koha item type |
|---|---|---|---|---|---|---|---|---|---|---|---|---|---|---|---|---|---|
| Library of Congress Classification | Main Collection | ARRUPE LIBRARY | ARRUPE LIBRARY | 04/03/2013 | 1 | HD8798.Z8M325 1994 | 46003045432 | 09/12/2014 | 02/12/2014 | 1 | 04/03/2013 | Monograph ( Printed materials) |